Statistiques concernant Pays avec la plus grande ZEE

Cliquez ici pour prendre le quiz!

Statistiques générales

  • Ce quiz a été pris 1 091 fois
  • Le résultat moyen est 15 sur 20

Statistiques - réponses

Superficie (km²)Pays% Correct
11 351 000Etats-Unis
99%
11 035 000France
99%
3 879 666Chine
97%
7 566 673Russie
95%
3 660 955Brésil
94%
5 599 077Canada
94%
4 479 388Japon
94%
2 305 143Inde
92%
5 453 428Royaume-Uni
92%
8 505 348Australie
91%
3 177 593Mexique
86%
6 159 032Indonésie
81%
3 675 279Chili
74%
6 682 503Nouvelle-Zélande
74%
2 385 178Norvège
73%
2 551 238Danemark
61%
2 996 419Micronésie
33%
1 990 530Iles Marshall
26%
3 441 810Kiribati
26%
2 402 288Papouasie Nouvelle-Guinée
25%

Distribution des résultats

Percentile par nombre de réponses

% des personnes avec chaque résultat

Votre développement - résultats

Vous n’avez pas pris ce quiz